000 00467nam a2200205Ia 4500
003 0100
008 130303s9999 xx 000 0 und d
020 _a0874849020
040 _cARRUPELIB
050 _aBL51.H895 1990
100 _aHudson, Yeager
245 4 _aThe philosophy of religion
260 _aCalifornia
260 _bMayfield Publishing Co.
260 _C1990
300 _axvi
300 _b 355p. 24cm.
650 _aRELIGION
942 0 0 _06
999 _c20880
_d20880